| 000 | 01144nam a22002777a 4500 | ||
|---|---|---|---|
| 999 |
_c17583 _d17583 |
||
| 003 | AR-CdUCM | ||
| 008 | 190509b ||||| |||| 00| 0 spa d | ||
| 040 |
_aMUNICIPALIDAD PROVINCIAL DEL CUSCO _cBIBLIOTECA MUNICIPAL DEL CUSCO |
||
| 041 | _hger | ||
| 082 |
_a830.1 / _bG37 |
||
| 100 |
_aGerstenberg, H. W. Von _937678 |
||
| 245 |
_aLa rebelión de los jóvenes escritores alemanes en el siglo XVIII : _btextos críticos del Sturm und Drang / |
||
| 260 |
_aBuenos Aires : _bNova, _c1976. |
||
| 300 |
_a217 páginas ; _c21 cm. |
||
| 440 |
_aBiblioteca Arte y Ciencia de la Expresión. _937679 |
||
| 505 | _aContenido: Cartas sobre hechos notables de la literatura -- Hechos memorables de Sócrates -- Diario de mi viaje -- Extracto de un intercambio epistolar sobre Osían -- También un filosofía de la historia ... | ||
| 650 |
_aLiteratura Alemana _993 |
||
| 650 |
_aEscritores Alemanes _937680 |
||
| 650 |
_aAlemania _91327 |
||
| 700 |
_aHamann, J. G. _937681 |
||
| 700 |
_aHerder, J. G. _937682 |
||
| 700 |
_aGoethe, J. W. _91388 |
||
| 700 |
_aLenz, J. M. R. (coautores) _937683 |
||
| 942 |
_2ddc _cLIBROS |
||
| 945 |
_aachl _d2019-05-09 |
||